Регионална библиотека "Любен Каравелов" - Русе

Превъзходството на социалистическата култура (Запис номер 341610)

MARC детайли
000 -Лидер
Контролно поле с фиксирана дължина 01004nam a2200277 c 4500
003 - Код на организацията, давaща контролен номер
Контролно поле BLK
005 - Дата и час на последна редакция
Контролно поле 20210323113704.0
008 - Елементи от данни с фиксирана дължина
fixed length control field 180911b bul|||||r ||||||| ||bul||
010 ## - Наследен системен номер
LC control number 001240
040 ## - Източник на каталожния запис
Идентификатор на билиотеката - собственик на записа BLK
041 ## - Код за език
Код за езика на текст/звукозапис или на отделно заглавие Български
Код за езика КДБФ Български
080 ## - УДК
УДК - код + определител 316.75(497.2)
Текстов определител УДК Нормативни и оценъчни аспекти на културата. Идеология. Социология на идеологията. - Социални норми и ценности. Нормени конфликти. Табу
УДК код - определител по УДК 316.75
УДК определител (497.2)
100 1# - Редна дума - Автор
Автор КАРАСЛАВОВ, Георги
Авторска отговорност първи автор
R(LIN) 396560
245 00 - Сведения за заглавието
Заглавие Превъзходството на социалистическата култура
260 ## - Област на издателските данни
Място на издаване, разпространение и проч. София
Име на издателя, разпространителя и проч. Нар. култура
Година на издаване 1951
Печатница 9 септември
300 ## - Физическа характеристика
Страници 270 с
Размери/Мащаб 19 см
380 ## - Жанр
Жанр Общ отдел
490 ## - СЕРИИ (Колекции)
Име на серия Частна колекция - Академик Михаил Арнаудов
Бележки за серията Дарение - Основен фонд
500 ## - Общи забележки
Забележка Автограф с текст: На проф. М. Арнаудов в знак на уважение Г. Караславов 25 март 1952 ; Отбелязва място в книгата; Михаил Арнаудов: негови-лист
650 ## - Допълнително описание по предмет – тема
Основно описание – тема или топоним История
9 (RLIN) 399261
655 ## - Ключова дума – жанр/разновидност
Данни за жанр/разновидност или ключова дума за фокус Културология
700 1# - Други автори (авторска отговорност)
Лично име Георги Караславов
9 (RLIN) 399262
852 ## - Местоположение
Форматна сигнатура МА 2837
Фондова буква Фонд "Михаил Арнаудов"
999 ## - СИСТЕМНИ КОНТРОЛНИ НОМЕРА
Koha biblionumber 341610
Koha biblioitemnumber 341610
942 ## - АРТИКУЛИ
Вид на библиотечния материал Книги
Скрит в OPAC Не
Периодичен библиозапис Да
944 ## - СЪЗДАВАНЕ И РЕДАКЦИЯ на ЗАПИСА
Създаване/Редакция Създаване
Дата на регистрацията/редакция 1994
999 ## - СИСТЕМНИ КОНТРОЛНИ НОМЕРА
Koha biblioitemnumber 341610
999 ## - СИСТЕМНИ КОНТРОЛНИ НОМЕРА
Koha biblioitemnumber 341610
999 ## - СИСТЕМНИ КОНТРОЛНИ НОМЕРА
Koha biblioitemnumber 341610
Наличности
Код за отписване Код за изгубен артикул Източник на класификационната схема Код за повреда Коз за рестрикции Код за отдаване Артикулен № Име на библиотеката - собственик Име на библиотеката, в която се намира в момента Статус (Текущо местоположение) Местоположение - отдел Цена в лева Номерация (Хронология) Инвентарен номер Систематично азбучна сигнатура Баркод Номер на екземпляра Цена в евро Служебен тип на артикула Дата на вписване в системата
  Не е изгубен Universal Decimal Classification Не е повреден без рестрикции Специални фондове ( старопечатни, редки и ценни, фонд М. Арнаудов) 741584 Регионална библиотека "Любен Каравелов" Русе Регионална библиотека "Любен Каравелов" Русе Фонд "Михаил Арнаудов" Фонд "Михаил Арнаудов" 260.00 Автограф: Г. Караславов 590443 МА 2837 120000590443 1 132.94 Книги  
  Не е изгубен Universal Decimal Classification Не е повреден само за читалня ползва се в читалня 818501 Регионална библиотека "Любен Каравелов" Русе Регионална библиотека "Любен Каравелов" Русе Хранилище Основен фонд - ползва се само за читалня 0.42   37093 Цб 3.185.37639 900000042197   0.21 Книги 2021-03-30
Vip Innovations Ltd, Rousse, Bulgaria 2025